Исследование естественных и техногенных радионуклидов в воде и почве Томской области; Проблемы региональной экологии

Manylion Llyfryddiaeth
Parent link:Проблемы региональной экологии.— 2000.— С. 23-25.
Prif Awdur: Яковлева В. С. Валентина Станиславовна
Awduron Eraill: Ковтун З. А., Эргашев Д. Э.
Iaith:Rwseg
Cyhoeddwyd: 2000
Pynciau:
Fformat: Pennod Llyfr
KOHA link:https://koha.lib.tpu.ru/cgi-bin/koha/opac-detail.pl?biblionumber=74844

MARC

LEADER 00000naa2a2200000 4500
001 74844
005 20240115110826.0
035 |a (RuTPU)RU\TPU\book\79821 
090 |a 74844 
100 |a 20050314d2000 k y0rusy50 ca 
101 0 |a rus 
102 |a RU 
200 1 |a Исследование естественных и техногенных радионуклидов в воде и почве Томской области  |f В. С. Яковлева, З. А. Ковтун, Д. Э. Эргашев 
320 |a Библиогр.: 7 назв. 
463 1 |0 (RuTPU)RU\TPU\book\22238  |y 5-7692-0296-3  |t Проблемы региональной экологии  |o сборник научных статей  |f РАН СО, Ин-т экологии природных комплексов  |h Вып. 6  |i Материалы I региональной научно-практической конференции молодежи "Проблемы региональной экологии" Томск, 10-12 ноября 1998 года  |v С. 23-25.  |d 2000  |p 154 с. 
610 1 |a радионуклиды 
610 1 |a почва 
610 1 |a техногенное воздействие 
610 1 |a вода 
610 1 |a техногенные радионуклиды 
610 1 |a биосфера 
610 1 |a здоровье человека 
610 1 |a труды учёных ТПУ 
700 1 |a Яковлева  |b В. С.  |c физик  |c доцент Томского политехнического университета, кандидат физико-математических наук  |f 1970-  |g Валентина Станиславовна  |3 (RuTPU)RU\TPU\pers\25838  |9 11711 
701 1 |a Ковтун  |b З. А. 
701 1 |a Эргашев  |b Д. Э. 
801 1 |a RU  |b 63413507  |c 20050314  |g PSBO 
801 2 |a RU  |b 63413507  |c 20160414  |g RCR 
942 |c BK